It looks like you're offline.
Open Library logo
additional options menu

MARC record from Internet Archive

LEADER: 01364cam 2200409 a 4500
001 ocm26056303
003 OCoLC
005 20181004093046.0
008 910325s1992 njua 001 0 eng
010 $a 91071687
040 $aDLC$beng$cDLC$dBTCTA$dYDXCP$dOCLCF$dOCLCQ
019 $a25899343
020 $a093294499X$q(paper)
020 $a9780932944993$q(paper)
035 $a(OCoLC)26056303$z(OCoLC)25899343
050 00 $aNK2117.B33$bD48 1992
082 00 $a747.7/8$220
245 00 $aDesigning and planning bathrooms.
260 $a[Upper Saddle River, NJ] :$bCreative Homeowner Press,$c[℗♭1992]
300 $a96 pages :$billustrations (some color) ;$c28 cm
336 $atext$btxt$2rdacontent
337 $aunmediated$bn$2rdamedia
338 $avolume$bnc$2rdacarrier
500 $aIncludes index.
650 0 $aBathrooms.
650 0 $aInterior decoration.
650 0 $aBathrooms$xRemodeling.
650 7 $aBathrooms.$2fast$0(OCoLC)fst00828718
650 7 $aBathrooms$xRemodeling.$2fast$0(OCoLC)fst00828727
650 7 $aInterior decoration.$2fast$0(OCoLC)fst00976327
710 2 $aCreative Homeowner Press.
938 $aBaker and Taylor$bBTCP$n91071687
938 $aYBP Library Services$bYANK$n1100438
029 1 $aAU@$b000008963644
029 1 $aNZ1$b876689
994 $aZ0$bP4A
948 $hNO HOLDINGS IN P4A - 100 OTHER HOLDINGS